| 000 -ლიდერი |
| ფიქსირებული სიგრძის საკონტროლო ველი |
01435nam a2200253Ia 4500 |
| 001 - საკონტროლო ნომერი |
| საკონტროლო ველი |
18527 |
| 003 - საკონტროლო ნომრის იდენტიფიკატორი |
| საკონტროლო ველი |
GE_BSU |
| 005 - ბოლო ოპერაციის თარიღი და დრო |
| საკონტროლო ველი |
20221122172057.0 |
| 008 - ფიქსირებული სიგრძის მონაცემთა ელემენტები - ზოგადი ინფორმაცია |
| ფიქსირებული სიგრძის საკონტროლო ველი |
181216s2010ge xx |||||||||||||| ||geo|| |
| 020 ## - წიგნის საერთაშორისო სტანდარტული ნომერი |
| International Standard Book Number |
ISBN 978-99928-61-46-2 x |
| 040 ## - კატალოგიზაციის წყარო |
| Transcribing agency |
GE_BSU |
| 041 ## - ენის კოდი |
| Language code of text/sound track or separate title |
geo |
| 080 ## - უნივერსალური ათობითი კლასიფიკაციის ინდექსი |
| Universal Decimal Classification number |
82-93 ს-46 |
| 100 ## - მთავარი ჩანაწერი - პიროვნების სახელი |
| Personal name |
სვიფტი, ჯონათან |
| 9 (RLIN) |
16002 |
| 245 ## - ცნობა სათაურის შესახებ |
| Title |
თავდაპირველად ქირურგისა და შემდგომ რამდენიმე გემის კაპიტნის ლემუელ გულივერის მოგზაურობა შორეულ ქვეყნებში / |
| Statement of responsibility, etc |
ჯონათან სვიფტი, მთარგმნ. ანა აბაშიძე ; ილ. ნინო ლომსაძე |
| 264 ## - წარმოების, გამოცემის, დისტრიბუციის და სხვა ცნობები |
| გამოცემის, წარმოების, დისტრიბუციის... ადგილი |
თბილისი : |
| გამოცემის, წარმოების, დისტრიბუციის... სახელწოდება |
ელფი, |
| გამოცემის, წარმოების, დისტრიბუციის... თარიღი |
2010. |
| 300 ## - ფიზიკური აღწერა |
| Extent |
200 გვ, |
| Other physical details |
ილ, . |
| Dimensions |
23 სმ. |
| 440 ## - სერიის ცნობა / დამატებულია ჩანაწერი - სათაური |
| Title |
(მსოფლიო ლიტერატურის კლასიკოსები,) |
| 9 (RLIN) |
11740 |
| 500 ## - ზოგადი შენიშვნა |
| General note |
გარეკანზე სათ.: გულივერის მოგზაურობა |
| 653 ## - INDEX TERM--UNCONTROLLED |
| Uncontrolled term |
გულივერის მოგზაურობა |
| 700 ## - ADDED ENTRY--PERSONAL NAME |
| Personal name |
აბაშიძე, ანა |
| Relator term |
მთარგმნელი |
| 9 (RLIN) |
16003 |
| 700 ## - ADDED ENTRY--PERSONAL NAME |
| Personal name |
ლომსაძე, ნინო |
| Relator term |
ილუსტრატორი |
| 9 (RLIN) |
7095 |
| 942 ## - ADDED ENTRY ELEMENTS (KOHA) |
| Koha item type |
წიგნი |
| Source of classification or shelving scheme |
|